A Z generáció fenntarthatósághoz való viszonya utazásai során, különös tekintettel az étkezési szokásokra
| Szerző: | |
|---|---|
| További közreműködők: | |
| Dokumentumtípus: | Diplomadolgozat |
| Kulcsszavak: | fenntartható fogyasztás fenntarthatóság gasztronómia környezetvédelem Z generáció |
| Online Access: | http://dolgozattar.uni-bge.hu/59470 |
MARC
| LEADER | 00000nta a2200000 i 4500 | ||
|---|---|---|---|
| 001 | dolg59470 | ||
| 005 | 20260409145115.0 | ||
| 008 | 260409suuuu hu om 000 hun d | ||
| 040 | |a BGE Dolgozattár Repozitórium |b hun | ||
| 041 | |a hu | ||
| 100 | 1 | |a Lisztes Gréta | |
| 245 | 1 | 2 | |a A Z generáció fenntarthatósághoz való viszonya utazásai során, különös tekintettel az étkezési szokásokra |c Lisztes Gréta |h [elektronikus dokumentum] |
| 520 | 3 | |a Dolgozatomban a Z generáció fenntarthatósághoz való viszonyát vizsgálom utazásaik során, különös figyelmet fordítva az étkezési szokásokra. Célom feltárni, hogy e fiatal korosztály mennyire tudatos az étkezéssel kapcsolatos döntéseiben, és milyen mértékben érvényesülnek a fenntarthatósági szempontok utazásaik alatt. A kvantitatív kérdőíves kutatás során szerzett adatok alapján következtetéseket vonok le, és gyakorlati javaslatokat fogalmazok meg mind a fogyasztói, mind a szolgáltatói oldal számára. A téma aktualitását a környezeti kihívások és a generáció növekvő fogyasztói ereje indokolja. | |
| 695 | |a fenntartható fogyasztás | ||
| 695 | |a fenntarthatóság | ||
| 695 | |a gasztronómia | ||
| 695 | |a környezetvédelem | ||
| 695 | |a Z generáció | ||
| 700 | 1 | |a Adorján Krisztián |e ths | |
| 856 | 4 | 0 | |u http://dolgozattar.uni-bge.hu/59470/1/Lisztes%20Gre%CC%81ta%20PDMENS_Szakdolgozat.pdf |z Dokumentum-elérés |
| 856 | 4 | 0 | |u http://dolgozattar.uni-bge.hu/59470/2/Lisztes%20Gr%C3%A9ta.pdf |z Dokumentum-elérés |
| 856 | 4 | 0 | |u http://dolgozattar.uni-bge.hu/59470/3/Szakdolgozat%20b%C3%ADr%C3%A1lati%20lap_Lisztes%20Gr%C3%A9ta_al%C3%A1%C3%ADrt.pdf |z Dokumentum-elérés |